000 00709nam a2200241Ia 4500
003 GCL
008 140319s9999 xx 000 0 ara d
040 _aGCL /
_cGCL
082 0 4 _a551.5
_bم ا
100 1 _aمحمد جمال الدين الفندى
245 1 0 _aالارصاد الجوية /
_cمحمد جمال الدين الفندى
260 _a[S.N] :
_bمطبعة جامعة القاهرة
300 _a286 ص
490 _a
650 0 4 _aالعلوم
650 0 4 _aالرياح
650 0 4 _aالطقس
650 0 4 _aالارصاد الجوية
650 0 4 _aالسحاب
650 0 4 _aالعواصف
650 0 4 _aالارصاد الجوية فى الطيران
942 _2ddc
_cBK
999 _c28593
_d28593